| 000 | 00625cam a2200193 4500500 | ||
|---|---|---|---|
| 005 | 20260329005717.0 | ||
| 041 | _afre | ||
| 042 | _adc | ||
| 100 | 1 | 0 |
_aLacroix, Alexandre _eauthor |
| 245 | 0 | 0 | _a“Nord sentinelle”, de Jérôme Ferrari : la farce noire de la balnéarisation du monde |
| 260 | _c2024. | ||
| 500 | _a53 | ||
| 690 | _aCorse | ||
| 690 | _aJérôme Ferrari | ||
| 690 | _aroman | ||
| 690 | _aTourisme | ||
| 786 | 0 | _nPhilosophie magazine | 182 | 9 | 2024-09-01 | p. 74-74 | 1951-1787 | |
| 856 | 4 | 1 | _uhttps://shs.cairn.info/magazine-philosophie-magazine-2024-9-page-74?lang=fr&redirect-ssocas=7080 |
| 999 |
_c1845841 _d1845841 |
||